[Event "Chigorin Memorial 28th"]
[White "Lisin, Egor"]
[Black "Puzyrevsky, Semen"]
[Site "St Petersburg"]
[Round "7"]
[Result "1/2-1/2"]
[Date "2021.10.29"]
[WhiteElo "2100"]
[BlackElo "1863"]
[PlyCount "116"]
[EventDate "2021.10.23"]
[EventType "swiss"]
[EventRounds "9"]
[EventCountry "RUS"]
[SourceTitle "EXT 2023"]
[Source "ChessBase"]
[SourceDate "2022.10.05"]
[SourceVersion "1"]
[SourceVersionDate "2022.10.05"]
[SourceQuality "1"]

1. e4 c5 2. Nc3 g6 3. d3 Bg7 4. g3 Nc6 5. Bg2 Nf6 6. Nge2 0-0 7. 0-0 d6 8. Bg5 h6 9. Be3 Rb8 10. h3 b5 11. Qd2 Kh7 12. Rae1 b4 13. Nd1 Qa5 14. Nc1 e5 15. f4 Ng8 16. f5 Bd7 17. h4 gxf5 18. exf5 Nce7 19. g4 f6 20. Nf2 Qc7 21. Ne4 d5 22. Nxc5 d4 23. Nxd7 Qxd7 24. Bf2 Kh8 25. Ne2 h5 26. Ng3 hxg4 27. Qe2 Nh6 28. Be4 Nd5 29. Bxd5 Qxd5 30. Qe4 Qxe4 31. Rxe4 Rfc8 32. Re2 Rc6 33. Ra1 Bf8 34. Rc1 Ra6 35. c4 Rxa2 36. c5 b3 37. Nh5 Ra6 38. c6 Rc8 39. Nxf6 Raxc6 40. Rxc6 Rxc6 41. Nd7 Bg7 42. f6 Bxf6 43. Nxf6 Rxf6 44. Rxe5 Nf5 45. Kg2 Kh7 46. Re4 g3 47. Bxd4 Rd6 48. Bxa7 Rxd3 49. Re2 Nxh4+ 50. Kh3 Nf5 51. Kg4 Nh6+ 52. Kh3 Kg6 53. Re3 Rxe3 54. Bxe3 Nf7 55. Kxg3 Kf5 56. Kf3 Ne5+ 57. Ke2 Ke4 58. Kd2 Nc4+ 1/2-1/2

[Event "Chigorin Memorial 28th"]
[White "Najdin, Danil"]
[Black "Lisin, Egor"]
[Site "St Petersburg"]
[Round "4"]
[Result "1-0"]
[Date "2021.10.26"]
[WhiteElo "2296"]
[BlackElo "2100"]
[PlyCount "67"]
[EventDate "2021.10.23"]
[EventType "swiss"]
[EventRounds "9"]
[EventCountry "RUS"]
[SourceTitle "EXT 2023"]
[Source "ChessBase"]
[SourceDate "2022.10.05"]
[SourceVersion "1"]
[SourceVersionDate "2022.10.05"]
[SourceQuality "1"]

1. e4 c5 2. Nf3 d6 3. d4 cxd4 4. Nxd4 Nf6 5. Nc3 g6 6. Bc4 Bg7 7. f3 Nc6 8. Be3 Bd7 9. Qd2 a6 10. 0-0-0 Rc8 11. Bb3 0-0 12. h4 Na5 13. h5 Nxb3+ 14. axb3 b5 15. Bh6 e5 16. Nde2 b4 17. Bxg7 Kxg7 18. Nd5 Nxd5 19. Qxd5 Be6 20. h6+ Kg8 21. Qxd6 Qxd6 22. Rxd6 Bxb3 23. Nc3 bxc3 24. cxb3 c2 25. g4 f6 26. Rh2 g5 27. Rxa6 Rfd8 28. Rxc2 Kf7 29. b4 Kg6 30. b5 Rxc2+ 31. Kxc2 Rb8 32. b6 Kxh6 33. Kd3 Kg6 34. Kc4 1-0

[Event "Chigorin Memorial 28th"]
[White "Lisin, Egor"]
[Black "Deruchenko, Ivan"]
[Site "St Petersburg"]
[Round "1"]
[Result "1-0"]
[Date "2021.10.23"]
[WhiteElo "2100"]
[BlackElo "1497"]
[PlyCount "115"]
[EventDate "2021.10.23"]
[EventType "swiss"]
[EventRounds "9"]
[EventCountry "RUS"]
[SourceTitle "EXT 2023"]
[Source "ChessBase"]
[SourceDate "2022.10.05"]
[SourceVersion "1"]
[SourceVersionDate "2022.10.05"]
[SourceQuality "1"]

1. Nf3 Nf6 2. g3 g6 3. Bg2 Bg7 4. 0-0 0-0 5. d3 d5 6. Nbd2 c5 7. e4 Nc6 8. Re1 dxe4 9. dxe4 Ng4 10. h3 Nge5 11. Nxe5 Nxe5 12. f4 Nc6 13. e5 f6 14. exf6 exf6 15. Ne4 f5 16. Ng5 Bd4+ 17. Kh2 h6 18. Nf3 Bf6 19. Qxd8 Rxd8 20. c3 Rb8 21. h4 b5 22. Ne5 Nxe5 23. fxe5 Be7 24. Bxh6 Bb7 25. Rad1 Bxg2 26. Kxg2 b4 27. c4 b3 28. axb3 Rxb3 29. Rxd8+ Bxd8 30. Rd1 Rxb2+ 31. Kf3 Rb8 32. Rd7 a5 33. e6 Bf6 34. h5 gxh5 35. Kf4 a4 36. Kxf5 Bb2 37. Ra7 a3 38. Kg6 Re8 39. e7 Rb8 40. Bg5 Rc8 41. Ra6 Bg7 42. Rxa3 Rc6+ 43. Kxh5 Kf7 44. Rf3+ Ke8 45. Rd3 Kf7 46. Rd8 Re6 47. Kg4 Re4+ 48. Kf5 Re5+ 49. Kf4 Re6 50. e8Q+ Rxe8 51. Rxe8 Kxe8 52. Ke4 Kd7 53. Kd5 Bd4 54. g4 Ke8 55. Bf4 Kf7 56. Bd6 Kg8 57. Bxc5 Bc3 58. Be3 1-0

[Event "St Petersburg Korchnoi Memorial op"]
[White "Lisin, Egor"]
[Black "Babanin, Gleb"]
[Site "St Petersburg"]
[Round "5"]
[Result "0-1"]
[Date "2019.08.18"]
[WhiteElo "1896"]
[BlackElo "2114"]
[PlyCount "56"]
[EventDate "2019.08.14"]
[EventType "swiss"]
[EventRounds "9"]
[EventCountry "RUS"]
[SourceTitle "CBM 192"]
[Source "ChessBase"]
[SourceDate "2019.10.31"]
[SourceVersion "1"]
[SourceVersionDate "2019.10.31"]
[SourceQuality "1"]

1. e4 c5 2. Nc3 Nc6 3. d3 d6 4. g3 g6 5. Bg2 Bg7 6. Nf3 Nf6 7. Bg5 0-0 8. Qd2 Re8 9. 0-0 Rb8 10. h3 b5 11. Nd5 Nxd5 12. exd5 Nb4 13. c4 Bf5 14. Ne1 bxc4 15. dxc4 Na6 16. Nd3 Bxd3 17. Qxd3 Rxb2 18. a3 Qd7 19. Rae1 Be5 20. Re4 Reb8 21. Rfe1 R2b3 22. Qe2 Nc7 23. Rxe5 dxe5 24. Qxe5 f6 25. Qe4 Ne8 26. Bh6 Nd6 27. Qxe7 Qxe7 28. Rxe7 Nf5 0-1

[Event "St Petersburg Korchnoi Memorial op"]
[White "Lisin, Egor"]
[Black "Kobak, Polina"]
[Site "St Petersburg"]
[Round "3"]
[Result "1-0"]
[Date "2019.08.16"]
[WhiteElo "1896"]
[BlackElo "1560"]
[PlyCount "91"]
[EventDate "2019.08.14"]
[EventType "swiss"]
[EventRounds "9"]
[EventCountry "RUS"]
[SourceTitle "CBM 192"]
[Source "ChessBase"]
[SourceDate "2019.10.31"]
[SourceVersion "1"]
[SourceVersionDate "2019.10.31"]
[SourceQuality "1"]

1. Nf3 Nf6 2. g3 d5 3. Bg2 c5 4. 0-0 e6 5. d3 Nc6 6. Nbd2 g6 7. e4 Bg7 8. Re1 0-0 9. Qe2 b6 10. Nf1 e5 11. exd5 Nxd5 12. Ne3 Nxe3 13. Qxe3 Bb7 14. Qe4 Qc7 15. Qh4 Nd4 16. Nxd4 Bxg2 17. Ne6 fxe6 18. Kxg2 Qf7 19. Rf1 Qf3+ 20. Kg1 Rf7 21. Qe4 Raf8 22. Qxf3 Rxf3 23. Kg2 R3f7 24. a4 a6 25. Be3 Rc8 26. Ra3 Rb7 27. Re1 e4 28. dxe4 Bxb2 29. Rb3 Bd4 30. c4 Kf7 31. Bg5 Bf6 32. Bf4 Rd8 33. Reb1 g5 34. Be3 Rd6 35. f4 gxf4 36. gxf4 Bd4 37. e5 Rc6 38. Bd2 Kg6 39. Ba5 Kf5 40. Kf3 b5 41. axb5 axb5 42. Rxb5 Rxb5 43. cxb5 Rc8 44. b6 c4 45. b7 Rb8 46. Bc7 1-0

[Event "St Petersburg Korchnoi Memorial op"]
[White "Rezvyi, Dmitri"]
[Black "Lisin, Egor"]
[Site "St Petersburg"]
[Round "2"]
[Result "1/2-1/2"]
[Date "2019.08.15"]
[WhiteElo "1459"]
[BlackElo "1896"]
[PlyCount "81"]
[EventDate "2019.08.14"]
[EventType "swiss"]
[EventRounds "9"]
[EventCountry "RUS"]
[SourceTitle "CBM 192"]
[Source "ChessBase"]
[SourceDate "2019.10.31"]
[SourceVersion "1"]
[SourceVersionDate "2019.10.31"]
[SourceQuality "1"]

1. e4 d5 2. exd5 Nf6 3. d4 Nxd5 4. Nf3 Bg4 5. Be2 e6 6. 0-0 Be7 7. c4 Nb6 8. b3 Nc6 9. Be3 Qd7 10. Ne5 Nxe5 11. dxe5 Qxd1 12. Bxd1 Bf5 13. Nc3 0-0-0 14. Be2 c6 15. a3 Nd7 16. f4 Nc5 17. b4 Nb3 18. Rad1 a5 19. bxa5 Bxa3 20. Bb6 Rxd1 21. Bxd1 Nd2 22. Rf2 Nxc4 23. g4 Nxb6 24. gxf5 Nd5 25. Nxd5 exd5 26. Rc2 Kc7 27. Ra2 Bc1 28. Ra4 d4 29. Bb3 Bxf4 30. Bxf7 Bxe5 31. Bc4 Ra8 32. Kg2 c5 33. h3 Bf4 34. Kf3 Bd2 35. a6 bxa6 36. Rxa6 Rxa6 37. Bxa6 Kb6 38. Bc4 Ka5 39. Ke4 Kb4 40. Kd3 Bg5 41. Bd5 1/2-1/2

[Event "Nizhnij Novgorod Region-ch"]
[White "Lisin, Egor"]
[Black "Ikonnikov, Georgy"]
[Site "Nizhnij Novgorod"]
[Round "1"]
[Result "0-1"]
[Date "2013.10.19"]
[WhiteElo "1657"]
[BlackElo "1941"]
[PlyCount "66"]
[EventDate "2013.10.19"]
[EventType "swiss"]
[EventRounds "9"]
[EventCountry "RUS"]
[SourceTitle "EXT 2022"]
[Source "ChessBase"]
[SourceDate "2021.10.06"]
[SourceVersion "1"]
[SourceVersionDate "2021.10.06"]
[SourceQuality "1"]

1. e4 e6 2. d3 Be7 3. g3 b6 4. Bg2 Bb7 5. Nf3 h6 6. 0-0 d6 7. Nc3 Nc6 8. Bd2 Bf6 9. Qe2 Nge7 10. Rab1 Ng6 11. Nd1 a5 12. Ne3 0-0 13. Ng4 Nce5 14. Nxf6+ Qxf6 15. Bc3 Nxf3+ 16. Qxf3 Qxf3 17. Bxf3 b5 18. Bg2 e5 19. Bd2 b4 20. f4 exf4 21. gxf4 f5 22. c3 c5 23. a3 b3 24. Rbe1 fxe4 25. dxe4 Rae8 26. h3 Re7 27. f5 Ne5 28. Re3 Ba6 29. Rf2 Nd3 30. Rff3 Nxb2 31. Re1 Nc4 32. Rf2 Nxa3 33. Ra1 b2 0-1